Making conservation work: (Record no. 11140)

MARC details
000 -LEADER
fixed length control field 00908 a2200229 4500
010 ## - LIBRARY OF CONGRESS CONTROL NUMBER
LC control number ENG-89686
020 ## - INTERNATIONAL STANDARD BOOK NUMBER
International Standard Book Number 8178241978
Terms of availability 595.00
035 ## - SYSTEM CONTROL NUMBER
System control number EN-73219
037 ## - SOURCE OF ACQUISITION
Source of stock number/acquisition DBAD / VEN
082 14 - DEWEY DECIMAL CLASSIFICATION NUMBER
Classification number 639.9
090 ## - LOCALLY ASSIGNED LC-TYPE CALL NUMBER (OCLC); LOCAL CALL NUMBER (OCLC)
-- 11455
-- 11455
245 1# - TITLE STATEMENT
Title Making conservation work:
Remainder of title securing biodiversity in this new century/
Statement of responsibility, etc edited by Ghazala Shahabuddin and Mahesh Rangarajan
260 ## - PUBLICATION, DISTRIBUTION, ETC. (IMPRINT)
Place of publication, distribution, etc Ranikhet
Name of publisher, distributor, etc Permanent Black
Date of publication, distribution, etc 2008
260 ## - PUBLICATION, DISTRIBUTION, ETC. (IMPRINT)
Place of publication, distribution, etc New Delhi
Name of publisher, distributor, etc Orient Longman
Date of publication, distribution, etc 2008
270 ## - ADDRESS
Address Himalayana Mall Raod, Ranikhet Cantt.,
City Ranikhet
Postal code 263645
300 ## - PHYSICAL DESCRIPTION
Extent xiii, 295p.;
Dimensions 23 cm (Hb)
490 ## - SERIES STATEMENT
Series statement (Nature, culture, conservation series/edited by Mahesh Rangarajan and K. Ullas Karanth
500 ## - GENERAL NOTE
General note Includes bibliographical references
700 1# - ADDED ENTRY--PERSONAL NAME
Personal name Rangarajan, Mahesh
942 ## - ADDED ENTRY ELEMENTS (KOHA)
Institution code [OBSOLETE] dpl
Koha item type English Books
Call number prefix 639.9 / MAK
Holdings
Withdrawn status Lost status Source of classification or shelving scheme Damaged status Not for loan Collection code Home library Current library Source of acquisition Cost, normal purchase price Total Checkouts Full call number Barcode Date last seen Copy number Uniform Resource Identifier Cost, replacement price Price effective from Koha item type
    Dewey Decimal Classification   Not For Loan Non-fiction D.B.Act.Division D.B.Act.Division DBAD/PUB 595.00   639.9 MAK EN-73219 15/09/2008 1 12248 595.00 15/09/2008 English Books

© Delhi Public Library
Hit Counter
free hit counter